Ústavnoprávna stabilita parlamentnej demokracie.

Analýza Weimarskej ústavy a základného zákona SRN z r. 1949. Vzťah medzi parlamentom a vládou v SRN a porovnanie Weimarského vládneho systému a Spolkovej vlády. Bonnský systém štátnej moci. Zákonodarstvo a fungovanie parlamentnej demokracie v SRN.

Guardado en:
Detalles Bibliográficos
Autor principal: Massgnung, R.
Formato: Capítulo de libro
Lenguaje:eslovaco
Materias:
Etiquetas: Agregar Etiqueta
Sin Etiquetas, Sea el primero en etiquetar este registro!

MARC

LEADER 00000naa a2200000 4500
001 r013726
005 20221205080331.3
041 0 |a slo 
044 |a SK 
245 1 0 |a Ústavnoprávna stabilita parlamentnej demokracie.  |c R. Massgnung 
520 |a Analýza Weimarskej ústavy a základného zákona SRN z r. 1949. Vzťah medzi parlamentom a vládou v SRN a porovnanie Weimarského vládneho systému a Spolkovej vlády. Bonnský systém štátnej moci. Zákonodarstvo a fungovanie parlamentnej demokracie v SRN. 
610 2 0 |a právo ústavné 
610 2 0 |a demokracia 
610 2 0 |a parlamenty 
610 2 0 |a vláda 
610 2 0 |a Nemecko 
610 2 0 |a moc štátna 
100 1 |a Massgnung, R.